A Touch of Salt (Record no. 43176)

MARC details
000 -LEADER
fixed length control field 00389nam a22001697a 4500
005 - DATE AND TIME OF LATEST TRANSACTION
control field 20241229230831.0
008 - FIXED-LENGTH DATA ELEMENTS--GENERAL INFORMATION
fixed length control field 241229b |||||||| |||| 00| 0 eng d
020 ## - INTERNATIONAL STANDARD BOOK NUMBER
International Standard Book Number 9780143465812
041 ## - LANGUAGE CODE
Language code of text/sound track or separate title Eng
082 ## - DEWEY DECIMAL CLASSIFICATION NUMBER
Classification number 891 AGN
100 ## - MAIN ENTRY--PERSONAL NAME
Author Agnihotri, Anita
245 ## - TITLE STATEMENT
Title A Touch of Salt
260 ## - PUBLICATION, DISTRIBUTION, ETC.
Place Haryana
Publisher Penguin
Publication Year 2024
300 ## - PHYSICAL DESCRIPTION
Extent 173;. P.
650 ## - SUBJECT ADDED ENTRY--TOPICAL TERM
Subject Non- Fiction
942 ## - ADDED ENTRY ELEMENTS (KOHA)
Koha item type Books
Holdings
Withdrawn status Lost status Source of classification or shelving scheme Damaged status Not for loan Home library Current library Shelving location Accession Date Vendor Price Bill number Total Checkouts Full call number Barcode No Date last seen Date last checked out Bill Date Koha item type
    Dewey Decimal Classification     IMTN IMTN Rack 43-A 12/29/2024 Raghav Books Private Limited 399.00 1861 1 891 AGN 33579 01/17/2025 01/07/2025 12/14/2024 Books
Designed & Maintained by: LRC IMT Nagpur Contact: lrc@imtnag.ac.in© 2024. All Rights Reserved.